[Event "LI Festival A"]
[Site "Imperia ITA"]
[Date "2009.09.02"]
[Round "5"]
[White "Garbarino, Xavier"]
[Black "Del Dotto, Riccardo"]
[WhiteElo "2251"]
[BlackElo "2175"]
[Result "1/2-1/2"]
[PlyCount "79"]
[EventDate "2009.08.30"]

1. d4 d5 2. c4 c6 3. cxd5 cxd5 4. Nc3 Nf6 5. Nf3 Nc6 6. Bf4 a6 7. e3 Bg4 8. Bd3
e6 9. h3 Bxf3 10. Qxf3 Nb4 11. Bb1 Bd6 12. Bg5 h6 13. Bh4 Rc8 14. O-O O-O 15.
e4 dxe4 16. Nxe4 Be7 17. Nxf6+ Bxf6 18. Bxf6 Qxf6 19. Qxb7 Qxd4 20. Qe4 Rfd8
21. a3 Nd3 22. Qxd4 Rxd4 23. Rd1 Rc1 24. Bxd3 Rxa1 25. Rxa1 Rxd3 26. Rc1 Rd2
27. Rc6 Rxb2 28. Rxa6 Rb1+ 29. Kh2 Rb2 30. Kg3 Rb3+ 31. f3 Rb2 32. h4 g6 33.
Kh3 Rb3 34. Kg4 e5 35. h5 Kg7 36. hxg6 fxg6 37. a4 Rb4+ 38. Kg3 e4 39. f4 e3
40. Re6 1/2-1/2

[Event "LI Festival A"]
[Site "Imperia ITA"]
[Date "2009.09.02"]
[Round "5"]
[White "Gioseffi, Massimiliano"]
[Black "Mazzetta, Renato"]
[WhiteElo "2110"]
[BlackElo "1911"]
[Result "1-0"]
[PlyCount "71"]
[EventDate "2009.08.30"]

1. d4 Nf6 2. c4 e5 3. dxe5 Ng4 4. Bf4 Bb4+ 5. Nd2 Nc6 6. Ngf3 Qe7 7. e3 Ngxe5
8. Be2 O-O 9. O-O Bxd2 10. Qxd2 d6 11. h3 Ng6 12. Bg3 b6 13. Rac1 Bb7 14. Rfd1
a5 15. b3 Rae8 16. a3 Kh8 17. b4 axb4 18. axb4 f5 19. Bf1 Nce5 20. Nd4 Nh4 21.
Qc2 Be4 22. Qc3 Qg5 23. c5 Nhg6 24. cxd6 cxd6 25. Ne2 Qe7 26. Qd4 Rf6 27. Nc3
Ba8 28. Qxb6 Qe6 29. Nb5 Qb3 30. Nc7 d5 31. Qd4 Nc6 32. Qxd5 Qxd5 33. Rxd5 Ref8
34. Nxa8 Rxa8 35. b5 Nb8 36. Rd4 1-0

[Event "LI Festival A"]
[Site "Imperia ITA"]
[Date "2009.09.02"]
[Round "5"]
[White "Gras, Guillaume"]
[Black "Lacrosse, Marc"]
[WhiteElo "2053"]
[BlackElo "2184"]
[Result "0-1"]
[PlyCount "86"]
[EventDate "2009.08.30"]

1. Nf3 d5 2. c4 e6 3. e3 Nf6 4. b3 c6 5. Bb2 Nbd7 6. Qc2 Bd6 7. Nc3 O-O 8. g4
Nxg4 9. Rg1 Nde5 10. Nxe5 Nxe5 11. O-O-O Ng6 12. f4 Bd7 13. Bd3 f5 14. h4 Qxh4
15. Rh1 Qe7 16. Kb1 Rac8 17. Rdg1 b5 18. cxb5 d4 19. Ne2 cxb5 20. Qd1 dxe3 21.
dxe3 Bc6 22. Rh3 Rf7 23. Nd4 Nf8 24. Nxc6 Rxc6 25. Bxb5 Rc7 26. Rhg3 Ng6 27.
Bc4 a5 28. Qh5 Ba3 29. Rh1 Nf8 30. Be5 Rxc4 31. bxc4 Qb4+ 32. Ka1 Qxc4 33. e4
Bc5 34. exf5 Bd4+ 35. Bxd4 Qxd4+ 36. Kb1 Rxf5 37. Qh2 a4 38. a3 Rb5+ 39. Ka2
Qd5+ 40. Ka1 Qd4+ 41. Ka2 Rf5 42. Rg4 h5 43. Rh4 Ng6 0-1

[Event "LI Festival A"]
[Site "Imperia ITA"]
[Date "2009.09.02"]
[Round "5"]
[White "Jurek, Josef"]
[Black "Van Hoolandt, Patrick"]
[WhiteElo "2353"]
[BlackElo "2233"]
[Result "1-0"]
[PlyCount "113"]
[EventDate "2009.08.30"]

1. Nf3 Nf6 2. c4 e6 3. g3 a6 4. b3 c5 5. Bg2 b5 6. Nc3 Qb6 7. O-O Bb7 8. Re1 d6
9. Bb2 Be7 10. e3 O-O 11. Qe2 Ne4 12. Nxe4 Bxe4 13. Bc3 b4 14. Bb2 a5 15. a3
bxa3 16. Rxa3 Bb7 17. Rea1 Nc6 18. Ne1 Rfb8 19. h4 h6 20. d3 Nb4 21. Bc3 Bxg2
22. Nxg2 Qd8 23. Nf4 Bf6 24. d4 d5 25. Nh5 Nc6 26. cxd5 exd5 27. Qf3 cxd4 28.
Nxf6+ Qxf6 29. Qxf6 gxf6 30. Bxd4 Nxd4 31. exd4 Rb4 32. Rxa5 Rxa5 33. Rxa5 Rxd4
34. Ra1 Rb4 35. Rb1 f5 36. f4 Kg7 37. h5 Kf6 38. Kf2 Ke6 39. Ke3 d4+ 40. Kd3
Kd6 41. Kc2 Rb6 42. b4 Rc6+ 43. Kd3 Kd5 44. b5 Rc3+ 45. Kd2 Rxg3 46. b6 Rg2+
47. Kd3 Rg3+ 48. Ke2 Rg8 49. b7 Rb8 50. Kd3 Kc6 51. Kxd4 f6 52. Kc4 Kd6 53.
Rb6+ Kc7 54. Kc5 Rxb7 55. Rxb7+ Kxb7 56. Kd6 Kc8 57. Ke7 1-0

[Event "LI Festival A"]
[Site "Imperia ITA"]
[Date "2009.09.02"]
[Round "5"]
[White "Krouzel, Jaroslav"]
[Black "Sarno, Spartaco"]
[WhiteElo "2202"]
[BlackElo "2324"]
[Result "1/2-1/2"]
[PlyCount "89"]
[EventDate "2009.08.30"]

1. d4 Nf6 2. c4 g6 3. Nc3 Bg7 4. e4 O-O 5. Be2 d6 6. Bg5 Nbd7 7. f4 c5 8. d5
Qb6 9. Qc2 e6 10. Nf3 exd5 11. exd5 Ng4 12. Qd2 f5 13. O-O Ndf6 14. Bd3 Bd7 15.
h3 Nh6 16. Rae1 Rae8 17. b3 Nf7 18. Bh4 a6 19. Kh1 Qd8 20. a3 Rxe1 21. Rxe1 Re8
22. b4 Rxe1+ 23. Qxe1 Qe8 24. bxc5 Qxe1+ 25. Bxe1 dxc5 26. Ne5 Be8 27. Nxf7
Kxf7 28. Kg1 Nh5 29. Ne2 Bb2 30. g4 fxg4 31. hxg4 Nf6 32. g5 Nh5 33. f5 Bxa3
34. Be4 Bd7 35. f6 b5 36. d6 Nxf6 37. gxf6 Kxf6 38. Bb7 bxc4 39. Bxa6 Bb4 40.
Bxb4 cxb4 41. Bxc4 Ke5 42. Bg8 h6 43. Nc1 Kxd6 44. Nd3 Bf5 45. Nxb4 1/2-1/2

[Event "LI Festival A"]
[Site "Imperia ITA"]
[Date "2009.09.02"]
[Round "5"]
[White "Malano, Francesco"]
[Black "Mela, Riccardo"]
[WhiteElo "1900"]
[BlackElo "2029"]
[Result "1/2-1/2"]
[PlyCount "66"]
[EventDate "2009.08.30"]

1. f4 d5 2. e3 c5 3. b3 Nf6 4. Bb2 Nc6 5. Bb5 Bf5 6. Bxc6+ bxc6 7. d3 e6 8. Nf3
Bd6 9. Nbd2 O-O 10. O-O Nd7 11. Qe1 f6 12. e4 Bg4 13. Qg3 Bxf3 14. Nxf3 Qe7 15.
e5 fxe5 16. Nxe5 Nxe5 17. Bxe5 Bxe5 18. fxe5 Rxf1+ 19. Rxf1 Rf8 20. Rxf8+ Qxf8
21. Qf2 Qe7 22. Qf4 g5 23. Qg4 h6 24. h4 Kf7 25. hxg5 Qxg5 26. Qxg5 hxg5 27. g4
Ke7 28. Kf2 Kd7 29. Ke3 Kc7 30. Kd2 Kb6 31. Kc3 Kb5 32. a4+ Ka5 33. Kb2 Kb6
1/2-1/2

[Event "LI Festival A"]
[Site "Imperia ITA"]
[Date "2009.09.02"]
[Round "5"]
[White "Mercandelli, Claudio"]
[Black "Blasco, Domenico"]
[WhiteElo "1914"]
[BlackElo "1984"]
[Result "1/2-1/2"]
[PlyCount "141"]
[EventDate "2009.08.30"]

1. Nf3 g6 2. d4 Bg7 3. e4 d6 4. Bd3 Nd7 5. O-O Ngf6 6. h3 e5 7. dxe5 dxe5 8.
Qe2 O-O 9. b3 c6 10. a4 Nh5 11. Ba3 Re8 12. Rd1 Nf4 13. Qe1 Qf6 14. Be2 Nf8 15.
Bxf8 Bxf8 16. Na3 Be6 17. Nc4 Bxc4 18. bxc4 Rad8 19. Rab1 b6 20. c3 Bc5 21.
Rxd8 Rxd8 22. Rd1 Rxd1 23. Qxd1 Kg7 24. Bf1 h5 25. Qc2 g5 26. Nh2 Qe6 27. Be2
Qf6 28. Bf1 Qd6 29. g3 Ng6 30. Kg2 Qd7 31. Be2 Kh6 32. Qc1 f5 33. Bf3 f4 34.
Be2 Be7 35. g4 h4 36. Qc2 Qd6 37. Nf3 Nf8 38. Nd2 Ne6 39. Kf3 Nc5 40. Nb1 Kg7
41. Bf1 Kf6 42. Be2 Qd7 43. Bf1 Nb7 44. Nd2 Na5 45. Qa2 Qd6 46. Qc2 Bd8 47. Qa2
Qc5 48. Nb3 Nxb3 49. Qxb3 Be7 50. Be2 Qa3 51. Qxa3 Bxa3 52. Bd1 Bb2 53. Ke2
Bxc3 54. Kd3 Bd4 55. f3 Ke6 56. Bc2 Kd6 57. Bb3 Kc5 58. Bd1 Kb4 59. Bc2 a6 60.
Bd1 b5 61. cxb5 cxb5 62. axb5 axb5 63. Kc2 Ka3 64. Be2 Kb4 65. Bf1 Kc5 66. Kd3
Bg1 67. Be2 b4 68. Bd1 Bf2 69. Bc2 Be1 70. Bb3 Kb5 71. Bd1 1/2-1/2

[Event "LI Festival A"]
[Site "Imperia ITA"]
[Date "2009.09.02"]
[Round "5"]
[White "Mitura, Vaclav"]
[Black "Holecek, Vladimir"]
[WhiteElo "2194"]
[BlackElo "2073"]
[Result "1-0"]
[PlyCount "105"]
[EventDate "2009.08.30"]

1. d4 d5 2. c4 c6 3. Nf3 Nf6 4. Qc2 e6 5. Bg5 Qa5+ 6. Nc3 Ne4 7. Bd2 Nxd2 8.
Nxd2 Bb4 9. e3 Nd7 10. Be2 O-O 11. O-O Bxc3 12. bxc3 Qc7 13. cxd5 exd5 14. c4
Nf6 15. Nf3 h6 16. cxd5 Nxd5 17. Ne5 Qd6 18. Rac1 Be6 19. Qd2 Rfd8 20. Qb2 Nb6
21. Bf3 Rab8 22. Bd1 Nd7 23. f4 Nxe5 24. fxe5 Qc7 25. Bb3 Bxb3 26. Qxb3 Qe7 27.
Rf4 Qe6 28. Qxe6 fxe6 29. Kf2 Rd5 30. Ke2 Rf8 31. Kd3 Rxf4 32. exf4 Kf7 33. g4
g6 34. Ke4 Ra5 35. Rb1 b5 36. Rc1 Rxa2 37. Rxc6 Re2+ 38. Kd3 Rxh2 39. Rc7+ Kf8
40. Rxa7 Rg2 41. g5 Rg3+ 42. Ke2 Rg4 43. Ra8+ Ke7 44. f5 Kf7 45. Ra7+ Kf8 46.
Ke3 Rg3+ 47. Kf4 Rd3 48. Ke4 Rc3 49. d5 Rc5 50. Kd4 exd5 51. e6 Rc8 52. Rh7 Kg8
53. Rf7 1-0

[Event "LI Festival A"]
[Site "Imperia ITA"]
[Date "2009.09.02"]
[Round "5"]
[White "Miturova, Magdalena"]
[Black "Mitura, Karel"]
[WhiteElo "1971"]
[BlackElo "2017"]
[Result "1/2-1/2"]
[PlyCount "70"]
[EventDate "2009.08.30"]

1. e4 c5 2. Nf3 Nc6 3. d4 cxd4 4. Nxd4 Nf6 5. Nc3 e5 6. Ndb5 a6 7. Nd6+ Bxd6 8.
Qxd6 Qe7 9. Qxe7+ Nxe7 10. Bc4 O-O 11. Bg5 d6 12. Bxf6 gxf6 13. O-O-O Rd8 14.
Nd5 Nxd5 15. Bxd5 Rb8 16. f3 Kf8 17. Rd3 Be6 18. Rhd1 Ke7 19. Rc3 Bxd5 20. Rc7+
Rd7 21. Rxd7+ Kxd7 22. Rxd5 Rg8 23. g3 Rc8 24. Kd2 Ke6 25. f4 f5 26. fxe5 dxe5
27. Rd3 fxe4 28. Rb3 b5 29. a4 Rc5 30. axb5 axb5 31. c3 f5 32. Ke3 Kd5 33. Ra3
Kc4 34. g4 fxg4 35. Kxe4 h5 1/2-1/2

[Event "LI Festival A"]
[Site "Imperia ITA"]
[Date "2009.09.02"]
[Round "5"]
[White "Morselli, Stefano"]
[Black "Dubois, Martine"]
[WhiteElo "1921"]
[BlackElo "2001"]
[Result "0-1"]
[PlyCount "100"]
[EventDate "2009.08.30"]

1. Nf3 d5 2. g3 g6 3. Bg2 Bg7 4. d3 e5 5. O-O Ne7 6. e4 dxe4 7. dxe4 Qxd1 8.
Rxd1 Nbc6 9. Be3 Bg4 10. c3 O-O 11. Na3 f6 12. Rd2 a6 13. Rad1 Rfd8 14. h3 Be6
15. b3 Bf8 16. Nc2 Rxd2 17. Rxd2 Nc8 18. Nfe1 Nd6 19. c4 Re8 20. Rd1 Nf7 21.
Bf1 Bh6 22. Bxh6 Nxh6 23. Ne3 Rf8 24. N1c2 f5 25. Nd5 Rf7 26. f3 fxe4 27. fxe4
Kg7 28. Kg2 Rd7 29. Be2 Nf7 30. h4 h5 31. b4 Nh6 32. b5 axb5 33. cxb5 Bxd5 34.
exd5 Ne7 35. Ne3 Nef5 36. Nxf5+ Nxf5 37. Kf2 Nd4 38. Bc4 Rf7+ 39. Ke3 Nf5+ 40.
Kd3 Nxg3 41. Re1 Rf3+ 42. Kc2 Kf6 43. b6 Rf4 44. Kb3 cxb6 45. Kb4 Nf5 46. Kc3
Nd6 47. Bb3 Rxh4 48. Bc2 Rc4+ 49. Kb2 Rd4 50. Rf1+ Rf4 0-1

[Event "LI Festival A"]
[Site "Imperia ITA"]
[Date "2009.09.02"]
[Round "5"]
[White "Payen, Arnaud"]
[Black "Sulava, Nenad"]
[WhiteElo "2368"]
[BlackElo "2549"]
[Result "1/2-1/2"]
[PlyCount "74"]
[EventDate "2009.08.30"]

1. d4 d5 2. c4 e6 3. Nf3 Nf6 4. Nc3 Bb4 5. cxd5 exd5 6. Bg5 Nbd7 7. e3 c5 8.
Bd3 c4 9. Bf5 Nb6 10. Bxc8 Rxc8 11. O-O O-O 12. Nd2 h6 13. Bh4 Qe7 14. a3 Ba5
15. Qc2 Rfe8 16. Rfe1 Qe6 17. f3 g5 18. Bf2 Nh5 19. e4 Qg6 20. Nf1 Re6 21. Re3
Rce8 22. Rae1 Bxc3 23. bxc3 dxe4 24. Rxe4 Nf6 25. Ng3 Nbd5 26. Qb2 Nxe4 27.
fxe4 Rxe4 28. Rxe4 Rxe4 29. Qxb7 Nxc3 30. Qc8+ Kh7 31. Qxc4 Nd1 32. Nxe4 Qxe4
33. Qxf7+ Kh8 34. h3 Nc3 35. Qf6+ Kh7 36. Qf7+ Kh8 37. Qf6+ Kh7 1/2-1/2

[Event "LI Festival A"]
[Site "Imperia ITA"]
[Date "2009.09.02"]
[Round "5"]
[White "Pepino, Enrico"]
[Black "Friedrich, Norbert"]
[WhiteElo "2110"]
[BlackElo "2350"]
[Result "0-1"]
[PlyCount "94"]
[EventDate "2009.08.30"]

1. e4 c5 2. Nf3 e6 3. d4 cxd4 4. Nxd4 a6 5. Bd3 Nf6 6. O-O d6 7. c4 b6 8. Qe2
Bb7 9. Nc3 Nbd7 10. b3 g6 11. Bb2 Bg7 12. Rad1 O-O 13. Bb1 Qc7 14. Rfe1 Rad8
15. Qd2 Nc5 16. Qg5 Rfe8 17. Kh1 Ncd7 18. h3 Ne5 19. f4 Ned7 20. f5 Ne5 21.
fxe6 fxe6 22. Rf1 Qe7 23. Ba3 Rd7 24. Nf3 Nf7 25. Qe3 Qd8 26. Na4 Nh5 27. Rfe1
b5 28. cxb5 axb5 29. Nc3 Qa5 30. Bb2 Rc8 31. Nd4 b4 32. Na4 Bh6 33. Qf2 Re7 34.
Bd3 Ne5 35. Bb1 Bg7 36. Rf1 Rf7 37. Qg1 Ng3+ 38. Kh2 Nxf1+ 39. Rxf1 Rxf1 40.
Qxf1 Rf8 41. Qd1 Rf6 42. a3 Ba6 43. Qc2 bxa3 44. Nc6 Nxc6 45. Bxf6 Bxf6 46.
Qxc6 Be5+ 47. g3 Qd2+ 0-1

[Event "LI Festival A"]
[Site "Imperia ITA"]
[Date "2009.09.02"]
[Round "5"]
[White "Quirico, Paolo"]
[Black "Spinelli, Doriano"]
[WhiteElo "2095"]
[BlackElo "2115"]
[Result "1-0"]
[PlyCount "43"]
[EventDate "2009.08.30"]

1. d4 d5 2. Bf4 e6 3. e3 Nf6 4. Nf3 Be7 5. Ne5 Nbd7 6. Nd2 c5 7. c3 O-O 8. Bd3
Re8 9. h4 Nf8 10. g4 N6d7 11. g5 Nxe5 12. Bxe5 Bd6 13. Nf3 cxd4 14. cxd4 f6 15.
gxf6 gxf6 16. Rg1+ Kf7 17. Ng5+ Ke7 18. Ne4 Qb6 19. Bxf6+ Kd7 20. Qa4+ Kc7 21.
Qxe8 Bd7 22. Qxa8 1-0

[Event "LI Festival A"]
[Site "Imperia ITA"]
[Date "2009.09.02"]
[Round "5"]
[White "Remille, Tristan"]
[Black "Dittmar, Peter"]
[WhiteElo "2204"]
[BlackElo "2357"]
[Result "0-1"]
[PlyCount "38"]
[EventDate "2009.08.30"]

1. Nf3 d5 2. c4 d4 3. c5 e5 4. Nxe5 Bxc5 5. b4 Bb6 6. a4 a6 7. a5 Ba7 8. Qa4+
c6 9. e3 Be6 10. Bb2 Ne7 11. Nf3 Nf5 12. Be2 O-O 13. g4 dxe3 14. gxf5 exf2+ 15.
Kf1 Bxf5 16. h4 Re8 17. d4 Nd7 18. Nbd2 Qe7 19. Qd1 Bc2 0-1

[Event "LI Festival A"]
[Site "Imperia ITA"]
[Date "2009.09.02"]
[Round "5"]
[White "Schaefer, Michael"]
[Black "Guglielmi, Dante"]
[WhiteElo "2157"]
[BlackElo "1899"]
[Result "1-0"]
[PlyCount "135"]
[EventDate "2009.08.30"]

1. c4 Nf6 2. Nf3 g6 3. Nc3 Bg7 4. d4 O-O 5. Bf4 d6 6. h3 Nbd7 7. e3 Re8 8. Be2
b6 9. O-O Bb7 10. Qc2 Rc8 11. Rfd1 c6 12. b4 d5 13. Qb3 dxc4 14. Bxc4 e6 15.
Bh2 Nd5 16. Ne4 Bf8 17. Nd6 Bxd6 18. Bxd6 N7f6 19. Be5 Qe7 20. Rab1 Ne4 21.
Rdc1 Nd6 22. Be2 Ne4 23. a3 Red8 24. Qd3 Ndf6 25. Qb3 Nd5 26. Bd3 Ndf6 27. Rc2
Nd6 28. Nd2 Nd7 29. Bf4 Nf6 30. e4 Nb5 31. Bxb5 cxb5 32. Rxc8 Rxc8 33. Qe3 Qd7
34. Be5 Ne8 35. h4 Qd8 36. h5 f6 37. Bg3 g5 38. f4 Ng7 39. fxg5 fxg5 40. h6 Nh5
41. Be5 Kf7 42. Qh3 Nf4 43. Rf1 Ke7 44. Qg4 Qg8 45. Bg7 Kd7 46. Qxg5 Ne2+ 47.
Kh2 Nxd4 48. Qh5 Nc2 49. Qxb5+ Kc7 50. Be5+ Kd8 51. Qd3+ Ke8 52. Nc4 Rxc4 53.
Qxc4 Qxg2+ 54. Kxg2 Ne3+ 55. Kf3 Nxc4 56. Bf4 e5 57. Bc1 Nd6 58. Re1 Ke7 59. a4
Kf6 60. b5 Nf5 61. Rg1 Nd6 62. Rg4 Nf7 63. Bd2 Nd6 64. Bb4 Nf7 65. Bf8 Ng5+ 66.
Ke3 Ne6 67. Bg7+ Kf7 68. Bxe5 1-0

[Event "LI Festival A"]
[Site "Imperia ITA"]
[Date "2009.09.02"]
[Round "5"]
[White "Singeisen, Hermann"]
[Black "Meyer, Peter"]
[WhiteElo "2116"]
[BlackElo "2051"]
[Result "1/2-1/2"]
[PlyCount "51"]
[EventDate "2009.08.30"]

1. Nf3 g6 2. c4 c5 3. d4 cxd4 4. Nxd4 Bg7 5. Nc3 Nc6 6. Nc2 Nf6 7. e4 d6 8. Be2
O-O 9. O-O h5 10. h3 Be6 11. Ne3 Qd7 12. Rb1 a5 13. Ned5 Rad8 14. Be3 Bxh3 15.
gxh3 Qxh3 16. Nf4 Qh4 17. Ng2 Qh3 18. f4 Ng4 19. Bxg4 hxg4 20. Kf2 g3+ 21. Kf3
f5 22. exf5 Ne5+ 23. fxe5 Rxf5+ 24. Ke2 Qxg2+ 25. Kd3 dxe5+ 26. Nd5 1/2-1/2

[Event "LI Festival A"]
[Site "Imperia ITA"]
[Date "2009.09.02"]
[Round "5"]
[White "Tomassoni, Leonardo"]
[Black "Cornaggia, Ranieri"]
[WhiteElo "1951"]
[BlackElo "1933"]
[Result "0-1"]
[PlyCount "88"]
[EventDate "2009.08.30"]

1. e4 e5 2. Nf3 Nc6 3. Bc4 Bc5 4. c3 Qe7 5. O-O d6 6. b4 Bb6 7. a4 a5 8. b5 Nd8
9. d4 Bg4 10. Bg5 Nf6 11. dxe5 dxe5 12. Nbd2 h6 13. Be3 Bxe3 14. fxe3 O-O 15.
Qe1 Qc5 16. Ba2 Qxc3 17. Rc1 Qa3 18. Nxe5 Qxa2 19. Rxf6 Be6 20. Rf4 Qxa4 21.
Ndf3 Qxb5 22. Qg3 Ra6 23. Rh4 Nc6 24. Ng4 Bxg4 25. Rxg4 Qb2 26. Rf1 Ne7 27. Nd4
Ng6 28. h4 h5 29. Rg5 a4 30. Rxh5 a3 31. Rb5 Qc3 32. Rb3 Qc5 33. Ra1 a2 34. Qf2
b6 35. Rb2 Rfa8 36. Rc2 Qb4 37. Rxc7 Qb1+ 38. Rc1 Qxe4 39. h5 Ne5 40. h6 Ng4
41. Qb2 Qxe3+ 42. Kh1 Qxh6+ 43. Kg1 Qh2+ 44. Kf1 Qh1+ 0-1

[Event "LI Festival A"]
[Site "Imperia ITA"]
[Date "2009.09.03"]
[Round "6"]
[White "Blasco, Domenico"]
[Black "Malano, Francesco"]
[WhiteElo "1984"]
[BlackElo "1900"]
[Result "1/2-1/2"]
[PlyCount "36"]
[EventDate "2009.08.30"]

1. d4 d5 2. Nf3 Nf6 3. e3 c5 4. c3 e6 5. Bd3 Nbd7 6. Nbd2 Bd6 7. O-O O-O 8. Re1
Re8 9. e4 dxe4 10. Nxe4 Nxe4 11. Rxe4 cxd4 12. Rxd4 Bc5 13. Bxh7+ Kxh7 14. Ng5+
Kg8 15. Qh5 Bxd4 16. Qxf7+ Kh8 17. Qh5+ Kg8 18. Qf7+ Kh8 1/2-1/2

[Event "LI Festival A"]
[Site "Imperia ITA"]
[Date "2009.09.03"]
[Round "6"]
[White "Cavatorta, Fosco"]
[Black "Brunner, Werner"]
[WhiteElo "1941"]
[BlackElo "2178"]
[Result "1/2-1/2"]
[PlyCount "134"]
[EventDate "2009.08.30"]

1. d4 Nf6 2. Nf3 e6 3. e3 c5 4. Bd3 b6 5. O-O Bb7 6. Nbd2 cxd4 7. exd4 Be7 8.
Re1 d6 9. Qe2 O-O 10. c4 Re8 11. b4 Nbd7 12. Ng5 Bf8 13. Bc2 h6 14. Ngf3 e5 15.
d5 b5 16. cxb5 Nxd5 17. Qe4 N7f6 18. Qh4 Qd7 19. Ne4 Nxe4 20. Qxe4 Nf6 21. Qf5
Qxf5 22. Bxf5 g6 23. Bh3 Nd5 24. Bd2 f5 25. Rac1 Rac8 26. a4 Rxc1 27. Rxc1 Rc8
28. Rxc8 Bxc8 29. g3 Bg7 30. Bf1 Kf8 31. Bc4 Nb6 32. Bb3 d5 33. Be3 d4 34. Bd2
Bd7 35. Nh4 Ke7 36. Nxg6+ Kd6 37. Nh4 Bc8 38. a5 Nd5 39. b6 axb6 40. a6 Nc7 41.
Bc2 e4 42. Bf4+ Be5 43. Bxh6 Nxa6 44. Kf1 Kc6 45. Bf8 d3 46. Bb1 Bc3 47. Ng2
Nxb4 48. Ne3 Be6 49. h4 Nd5 50. h5 Nxe3+ 51. fxe3 Bf7 52. h6 Bg6 53. Bg7 Bd2
54. Bd4 b5 55. Ba2 Bh7 56. Bf7 b4 57. Bb3 Kb5 58. Kf2 Bc3 59. Bg7 Kc6 60. Kg2
Bd2 61. Kf2 Kd7 62. Bd4 Bc3 63. Bg7 Ke7 64. Ba2 Bf6 65. Bb3 Bc3 66. Ba2 Bf6 67.
Bb3 Bc3 1/2-1/2

[Event "LI Festival A"]
[Site "Imperia ITA"]
[Date "2009.09.03"]
[Round "6"]
[White "Chatalbashev, Boris"]
[Black "Movsziszian, Karen"]
[WhiteElo "2548"]
[BlackElo "2570"]
[Result "1/2-1/2"]
[PlyCount "36"]
[EventDate "2009.08.30"]

1. d4 Nf6 2. c4 g6 3. Nc3 Bg7 4. e4 d6 5. Bd3 O-O 6. Nge2 Nc6 7. O-O Nh5 8. Bc2
e5 9. d5 Ne7 10. a4 f5 11. exf5 gxf5 12. Ng3 Nf4 13. Nh5 Nxh5 14. Qxh5 Ng6 15.
Ra3 Bd7 16. Bg5 Bf6 17. Bh6 Bg7 18. Bg5 Bf6 1/2-1/2

[Event "LI Festival A"]
[Site "Imperia ITA"]
[Date "2009.09.03"]
[Round "6"]
[White "Cornaggia, Ranieri"]
[Black "Singeisen, Hermann"]
[WhiteElo "1933"]
[BlackElo "2116"]
[Result "1/2-1/2"]
[PlyCount "64"]
[EventDate "2009.08.30"]

1. e4 c5 2. Nf3 d6 3. d4 cxd4 4. Nxd4 Nf6 5. Nc3 a6 6. Be3 e6 7. f3 e5 8. Nb3
Be6 9. Qd2 Nbd7 10. O-O-O Be7 11. g3 Nb6 12. h4 Rc8 13. h5 h6 14. Be2 Nc4 15.
Bxc4 Rxc4 16. Rhg1 b5 17. Kb1 b4 18. Nd5 Bxd5 19. exd5 a5 20. Qd3 Rc8 21. Qb5+
Qd7 22. Qxd7+ Kxd7 23. Nxa5 Rb8 24. Nc4 Rb5 25. f4 exf4 26. Bxf4 Rc8 27. Rd4
Rcc5 28. Ne3 Nxd5 29. Nxd5 Rxd5 30. Rgd1 Rxd4 31. Rxd4 d5 32. Bd2 Ke6 1/2-1/2

[Event "LI Festival A"]
[Site "Imperia ITA"]
[Date "2009.09.03"]
[Round "6"]
[White "Cugini, Verter"]
[Black "Garbarino, Xavier"]
[WhiteElo "2149"]
[BlackElo "2251"]
[Result "1/2-1/2"]
[PlyCount "168"]
[EventDate "2009.08.30"]

1. e4 Nc6 2. Nf3 d6 3. d4 Nf6 4. Nc3 Bg4 5. Be2 e6 6. O-O Be7 7. h3 Bh5 8. Bf4
O-O 9. Re1 Bxf3 10. Bxf3 e5 11. dxe5 dxe5 12. Bg3 Ne8 13. Nd5 Bc5 14. c3 a5 15.
Qb3 Nd6 16. Rad1 b5 17. Ne3 Bxe3 18. Rxe3 Qf6 19. Be2 Ne7 20. a4 bxa4 21. Qxa4
Rfd8 22. Red3 Ng6 23. Rd5 Nf4 24. Bxf4 Qxf4 25. Bf3 g6 26. Rxa5 Rab8 27. Qc2
Nc4 28. Rxd8+ Rxd8 29. Rd5 Rxd5 30. exd5 Nd2 31. Be2 e4 32. g3 Qg5 33. c4 e3
34. Qd3 exf2+ 35. Kxf2 f5 36. Bf3 Nxf3 37. Qxf3 Qd2+ 38. Qe2 Qd4+ 39. Kg2 Kf7
40. b4 h5 41. b5 h4 42. gxh4 Qxh4 43. Qd3 Qg5+ 44. Kf2 Qf4+ 45. Ke2 g5 46. Kd1
Ke7 47. c5 Kd7 48. b6 cxb6 49. Qb5+ Ke7 50. cxb6 Qd4+ 51. Kc2 Qf2+ 52. Kc3 Qe1+
53. Kd4 Qf2+ 54. Kc4 Qc2+ 55. Kb4 Qb2+ 56. Kc5 Qc3+ 57. Qc4 Qa3+ 58. Kc6 Qd6+
59. Kb7 f4 60. Qc7+ Qd7 61. Kb8 f3 62. Qe5+ Kf7 63. Qxg5 f2 64. Qf4+ Ke7 65.
Qxf2 Qd8+ 66. Ka7 Qd7+ 67. b7 Qa4+ 68. Kb8 Qe8+ 69. Kc7 Qd7+ 70. Kb6 Qd6+ 71.
Kb5 Qd7+ 72. Kc5 Qd6+ 73. Kc4 Qa6+ 74. Kc3 Qa3+ 75. Kd2 Qb2+ 76. Ke1 Qxb7 77.
Qc5+ Kd7 78. Kd2 Qb2+ 79. Kd3 Qb3+ 80. Kd4 Qxh3 81. Qc6+ Kd8 82. Qf6+ Kc8 83.
Qf8+ Kd7 84. Qf7+ Kd6 1/2-1/2

[Event "LI Festival A"]
[Site "Imperia ITA"]
[Date "2009.09.03"]
[Round "6"]
[White "Del Dotto, Riccardo"]
[Black "Krouzel, Jaroslav"]
[WhiteElo "2175"]
[BlackElo "2202"]
[Result "1/2-1/2"]
[PlyCount "22"]
[EventDate "2009.08.30"]

1. e4 e6 2. d4 d5 3. exd5 exd5 4. Bd3 Bd6 5. Qf3 Nc6 6. c3 Nf6 7. h3 h6 8. Ne2
Ne7 9. Bf4 Bxf4 10. Nxf4 Qd6 11. Nd2 Bd7 1/2-1/2

[Event "LI Festival A"]
[Site "Imperia ITA"]
[Date "2009.09.03"]
[Round "6"]
[White "Dittmar, Peter"]
[Black "Dolezal, Radoslav jr"]
[WhiteElo "2357"]
[BlackElo "2396"]
[Result "1/2-1/2"]
[PlyCount "34"]
[EventDate "2009.08.30"]

1. b3 e5 2. Bb2 d6 3. e3 Nf6 4. d4 Nbd7 5. c4 c6 6. Nc3 Be7 7. Nge2 O-O 8. g3
e4 9. Bg2 d5 10. cxd5 cxd5 11. Nf4 Nb6 12. O-O Bg4 13. f3 exf3 14. Bxf3 Bxf3
15. Qxf3 Bb4 16. Nh5 Nxh5 17. Qxh5 Bxc3 1/2-1/2

[Event "LI Festival A"]
[Site "Imperia ITA"]
[Date "2009.09.03"]
[Round "6"]
[White "Dubois, Martine"]
[Black "Holecek, Vladimir"]
[WhiteElo "2001"]
[BlackElo "2073"]
[Result "1/2-1/2"]
[PlyCount "73"]
[EventDate "2009.08.30"]

1. e4 e5 2. Nf3 Nc6 3. Nc3 Nf6 4. g3 Bc5 5. Bg2 d6 6. d3 Be6 7. Na4 Bb6 8. Nxb6
axb6 9. c4 h6 10. Be3 Qd7 11. h3 O-O 12. Qd2 Nh7 13. g4 Qe7 14. b3 Ra3 15. Rb1
Rfa8 16. Rb2 Kf8 17. O-O g5 18. d4 Bd7 19. d5 Nb8 20. Rc1 Kg8 21. Ne1 Nf8 22.
f3 Ng6 23. Nd3 Na6 24. b4 Qd8 25. Bf2 Kg7 26. Rcc2 Qb8 27. c5 Bb5 28. Bf1 bxc5
29. bxc5 Bxd3 30. Bxd3 Nf4 31. Rb3 Rxb3 32. axb3 Nxh3+ 33. Kg2 Nxf2 34. Bxa6
Rxa6 35. Qxf2 Qa7 36. b4 Kf6 37. b5 1/2-1/2

[Event "LI Festival A"]
[Site "Imperia ITA"]
[Date "2009.09.03"]
[Round "6"]
[White "Fattorelli, Luciano"]
[Black "Barletta, Mauro"]
[WhiteElo "2030"]
[BlackElo "2191"]
[Result "1/2-1/2"]
[PlyCount "102"]
[EventDate "2009.08.30"]

1. Nf3 d5 2. c4 d4 3. b4 f6 4. Bb2 e5 5. c5 a5 6. a3 Bg4 7. Qb3 axb4 8. axb4
Rxa1 9. Bxa1 Qd7 10. e3 Be6 11. Bc4 Bxc4 12. Qxc4 dxe3 13. dxe3 Qf7 14. Nbd2
Qxc4 15. Nxc4 Na6 16. Bc3 b6 17. cxb6 cxb6 18. Nxb6 Bxb4 19. Bxb4 Nxb4 20. e4
Ne7 21. Ke2 O-O 22. Ra1 Nec6 23. Ra8 Rxa8 24. Nxa8 Kf7 25. Nb6 Ke6 26. Nc4 Na6
27. Ke3 Nc5 28. Ng1 g6 29. Ne2 Nb4 30. f3 Nbd3 31. Nc3 f5 32. Na4 Nxa4 33. Kxd3
Nc5+ 34. Ke3 f4+ 35. Kd2 g5 36. h3 Nd7 37. Ke2 Nf6 38. Kf2 h5 39. Nd2 Ne8 40.
Nc4 Nd6 41. Nxd6 Kxd6 42. Ke2 Kc5 43. Kd1 Kb5 44. Kc1 Kc5 45. Kd1 Kc4 46. Kd2
h4 47. Ke2 Kc3 48. Ke1 Kd3 49. Kf2 Kd2 50. Kf1 Ke3 51. Ke1 Kd3 1/2-1/2

[Event "LI Festival A"]
[Site "Imperia ITA"]
[Date "2009.09.03"]
[Round "6"]
[White "Guglielmi, Dante"]
[Black "Gras, Guillaume"]
[WhiteElo "1899"]
[BlackElo "2053"]
[Result "0-1"]
[PlyCount "60"]
[EventDate "2009.08.30"]

1. c4 g6 2. Nc3 Bg7 3. g3 d6 4. Bg2 f5 5. d4 Nf6 6. e3 O-O 7. Nge2 Nc6 8. O-O
e5 9. b3 e4 10. Nf4 g5 11. Nfd5 g4 12. Ba3 h5 13. Nxf6+ Rxf6 14. Nd5 h4 15.
Nxf6+ Qxf6 16. Rb1 Bd7 17. b4 Kh7 18. b5 Nd8 19. Bb2 Qh6 20. a4 Nf7 21. Qe2 Ng5
22. Rfc1 Kg6 23. Qf1 Rh8 24. h3 gxh3 25. Bh1 h2+ 26. Kg2 f4 27. g4 Nf3 28. Kh3
Bxg4+ 29. Kxg4 Qg5+ 30. Kh3 Qf5+ 0-1